Normal view
MARC view
- Khan, Hassan Ahmed
Entry Personal Name
001 - CONTROL NUMBER
- control field: 125907
003 - CONTROL NUMBER IDENTIFIER
- control field: NUST
005 - DATE AND TIME OF LATEST TRANSACTION
- control field: 20240920091139.0
008 - FIXED-LENGTH DATA ELEMENTS
- fixed length control field: 240920|| aca||aabn | a|a d
040 ## - CATALOGING SOURCE
- Original cataloging agency: NUST
- Transcribing agency: NUST
100 ## - HEADING--PERSONAL NAME
- Personal name: Khan, Hassan Ahmed
670 ## - SOURCE DATA FOUND
- Source citation: Work cat.: (NUST): Khan, Hassan Ahmed , Pulse+ Collaborative Project Management Dashboard /, 2024
